000 00512nmm a2200169Ia 4500
008 251105s9999||||xx |||||||||||||||||und||
020 _a9789587416121
041 _aspa
100 _aMolinares Hassan, Viridiana (ed.)
245 0 _aDebates contemporáneos sobre el derecho público en Colombia
264 _a[Bogotá, Colombia] :
_bUniversidad del Norte,
_c2015
300 _a190 páginas
490 _aJurídica
650 _aLaw
856 _uhttps://public.digitaliapublishing.com/a/38172
942 _cCF
999 _c95954
_d95954